Stolen fruit : (Record no. 160)
[ view plain ]
| 000 -LEADER | |
|---|---|
| fixed length control field | 00508cam a22001694a 4500 |
| 020 ## - INTERNATIONAL STANDARD BOOK NUMBER | |
| ISBN | 1842772805 |
| 050 00 - CALL NUMBER | |
| Classification number | HF1040.9.D44 |
| Item number | R62 ROB |
| 100 1# - AUTHOR | |
| Personal name | Robbins, Peter, |
| 245 10 - TITLE | |
| Title | Stolen fruit : |
| Remainder of title | the tropical commodities disaster / |
| Statement of responsibility, etc | Peter Robbins. |
| 260 ## - PUBLICATION INFORMATION | |
| Place of publication | London ; |
| -- | New York : |
| Name of publisher | Zed Books, |
| Year of publication | 2003. |
| 300 ## - DESCRIPTION | |
| Number of Pages | 188 p. ; |
| Dimensions | 21 cm. |
| 500 ## - NOTES | |
| General note | INCLUDES BIBLIOGRAPHIC REFERENCE AND INDEX |
| 650 #0 - SUBJECTS | |
| Topical Term | Primary commodities |
| 650 #0 - SUBJECTS | |
| Topical Term | Primary commodities |
| 650 #0 - SUBJECTS | |
| Topical Term | International trade. |
| 942 ## - ADDED ENTRY ELEMENTS (KOHA) | |
| Koha item type | Books |
| Withdrawn status | Lost status | Home library | Current library | Date acquired | Full call number | Accession Number | Koha item type |
|---|---|---|---|---|---|---|---|
| Methodist University Library Wenchi Faculty | Methodist University Library Wenchi Faculty | 13/10/2017 | HF1040.9.D44 R62 ROB | 22569 | Books |